Estadísticas para Municipios de Durango - con mapa

Haz click aquí para intentar la prueba.

Estadísticas generales

  • Esta prueba ha sido intentada 4 veces
  • La puntuación promedio es 20 de 39

Respuestas en el mapa

Las respuestas están codificadas por una escala verde-roja en el mapa de la prueba según el % correcto abajo.
 

Estadísticas de respuestas

Respuesta% Correcto
Durango
100%
Canatlán
75%
Cuencamé
75%
Gómez Palacio
75%
Hidalgo
75%
Lerdo
75%
Tamazula
75%
Tepehuanes
75%
Topia
75%
Canelas
50%
Coneto de Comonfort
50%
El Oro
50%
General Simón Bolívar
50%
Guadalupe Victoria
50%
Guanaceví
50%
Indé
50%
Mapimí
50%
Mezquital
50%
Nazas
50%
Nombre de Dios
50%
Nuevo Ideal
50%
Ocampo
50%
Otáez
50%
Panuco
50%
Peñón Blanco
50%
Poanas
50%
Pueblo Nuevo
50%
Rodeo
50%
Súchil
50%
Tlahualilo
50%
Vicente Guerrero
50%
San Bernardo
25%
San Dimas
25%
San Juan de Guadalupe
25%
San Juan del Río
25%
San Luis del Cordero
25%
San Pedro del Gallo
25%
Santa Clara
25%
Santiago Papasquiaro
25%

Distribución de puntuación

Porcentaje por número respondido

Porcentaje de gente con cada puntuación

Historial de tus puntuaciones

No has intentado esta prueba.